000 01107naa a22003017a 4500
001 BR9400331
003 BR-BrBNA
005 20240918181102.0
007 ta
008 230509b bl.||||| |||| 00| 0 por d
040 _aBR-BrBNA
_bpor
_cBiblioteca Nacional de Agricultura
041 _a(Pt)
072 _aF06; U10
090 _aF06 BR9400331
100 1 _aQuadros Neto, A.G. de
100 1 _aRamos, M.M.
100 1 _aMantovani, E.C.
100 1 _aSoares, A.A.
111 1 _a22. Congresso Brasileiro de Engenharia Agricola
_cIlheus, BA (Brazil)
_d19-23 Jul 1993
245 1 _aRegressao multipla como metodo para calculo de sistematizacao de terras
260 3 _aIlheus, BA (Brasil):
_c1993.
500 _a22. Congresso Brasileiro de Engenharia Agricola. Anais Ilheus, BA (Brasil): 1993. v. 5 p. 2763-2772 (BR9400331-AM)F06
650 _aIrrigacao Superficial
650 _aModelo Matematico
773 0 _t22. Congresso Brasileiro de Engenharia Agricola. Anais
_wF06 BR9400331
_gIlheus, BA (Brasil), 1993. v. 5 p. 2763-2772
909 _a202404
_bLucia
_c55
_dLucia Elande
942 _cAM
_2AGRIS
999 _c323549
_d323549